Teatro irlandés / (Record no. 140718)

MARC details
000 -LEADER
campo de control de longitud fija 01269nam a2200337 i 4500
001 - NÚMERO DE CONTROL
campo de control 140718
003 - IDENTIFICADOR DE NÚMERO DE CONTROL
campo de control ES-MaACL
005 - FECHA Y HORA DE LA ÚLTIMA TRANSACCIÓN
campo de control 20251017115916.0
007 - CAMPO FIJO DE DESCRIPCIÓN FÍSICA--INFORMACIÓN GENERAL
campo de control de longitud fija t|
008 - DATOS DE LONGITUD FIJA--INFORMACIÓN GENERAL
campo de control de longitud fija 070914s1983 sp |||| | spa d
020 ## - NÚMERO INTERNACIONAL ESTÁNDAR DEL LIBRO
Número Internacional Estándar del Libro 84-276-0630-3
080 ## - NÚMERO DE LA CLASIFICACIÓN DECIMAL UNIVERSAL
Número de la Clasificación Decimal Universal 820(415)-22"18"
080 ## - NÚMERO DE LA CLASIFICACIÓN DECIMAL UNIVERSAL
Número de la Clasificación Decimal Universal 820(415)-21"18"
245 00 - MENCIÓN DEL TÍTULO
Título Teatro irlandés /
Mención de responsabilidad, etc. W.B. Yeats, J.M. Synge y Sean O' Casey ; edición preparada por Corina J. Reynolds ; [traducción, Aurelio Sahagún y Jesús Fomperosa].
260 ## - PUBLICACIÓN, DISTRIBUCIÓN, ETC.
Lugar de publicación, distribución, etc. Madrid :
Nombre del editor, distribuidor, etc. Editora Nacional,
Fecha de publicación, distribución, etc. [1983]
300 ## - DESCRIPCIÓN FÍSICA
Extensión 398 p. ;
Dimensiones 18 cm.
490 1# - MENCIÓN DE SERIE
Mención de serie Biblioteca de la literatura y el pensamiento universales ;
Designación de volumen o secuencia 53
505 8# - NOTA DE CONTENIDO CON FORMATO
Nota de contenido con formato Contiene: La condesa Catalina. El galán de Occidente. El arado y las estrellas
700 1# - ENTRADA AGREGADA--NOMBRE PERSONAL
Nombre de persona Yeats, W. B.,
Fechas asociadas al nombre 1865-1939
9 (RLIN) 242374
700 1# - ENTRADA AGREGADA--NOMBRE PERSONAL
Nombre de persona Synge, John Millington.
9 (RLIN) 108975
700 1# - ENTRADA AGREGADA--NOMBRE PERSONAL
Nombre de persona O'Casey, Sean.
9 (RLIN) 86297
700 1# - ENTRADA AGREGADA--NOMBRE PERSONAL
Nombre de persona Reynolds, Corina J.
9 (RLIN) 96627
700 1# - ENTRADA AGREGADA--NOMBRE PERSONAL
Nombre de persona Fomperosa, Jesús.
9 (RLIN) 51487
700 1# - ENTRADA AGREGADA--NOMBRE PERSONAL
Nombre de persona Sahagún, Aurelio.
9 (RLIN) 101470
740 32 - ENTRADA AGREGADA--TÍTULO RELACIONADO/ANALÍTICO NO CONTROLADO
Título relacionado o analítico no controlado La condesa Catalina.
740 32 - ENTRADA AGREGADA--TÍTULO RELACIONADO/ANALÍTICO NO CONTROLADO
Título relacionado o analítico no controlado El galán de Occidente.
740 32 - ENTRADA AGREGADA--TÍTULO RELACIONADO/ANALÍTICO NO CONTROLADO
Título relacionado o analítico no controlado El arado y las estrellas.
830 0# - PUNTO DE ACCESO ADICIONAL DE SERIE-TÍTULO UNIFORME
Título uniforme Biblioteca de la literatura y el pensamiento universales ;
Designación de volumen o secuencia 53
9 (RLIN) 182217
852 ## - LOCALIZACIÓN
Ubicación ES-MaACL
Número de control de estantería L-5742
Holdings
Estatus retirado Estado de pérdida Estado de daño No para préstamo Biblioteca de origen Biblioteca actual Ubicación en estantería Fecha de adquisición Fuente de adquisición Total de préstamos Signatura topográfica completa Código de barras Visto por última vez Precio de reemplazo Tipo de ítem Koha
        Biblioteca del Ateneo de Madrid Biblioteca del Ateneo de Madrid Depósito 2 17/01/2008     L-5742 1146432 23/02/2023 23/02/2023 Libro impreso